Little Inklings Animal Alphabet - Statistics

General Stats
  • This quiz has been taken 24 times
  • The average score is 23 of 26
Answer Stats
Picture Hint Answer % Correct
J Jaguar
100%
K Kangaroo
100%
L Lion
100%
M Monkey
100%
O Ostrich
100%
P Peacock
100%
A Alligator
94%
B Bear
94%
C Cow
94%
D Dog
94%
E Elephant
94%
F Fish
94%
G Gorilla
94%
H Horse
94%
I Iguana
94%
S Snake
94%
T Tiger
94%
W Wolf
94%
Z Zebra
94%
V Vulture
88%
Y Yak
88%
R Rhinoceros
82%
Q Quail
71%
X X-Ray Fish
65%
N Nightingale
59%
U Umbrella Bird
53%
No matching quizzes found
Score Distribution
Percent of People with Each Score
Percentile by Number Answered
Your Score History
You have not taken this quiz